جنو بی ہند کا ا يک علمی و ا د بی سفر (Record no. 93730)

MARC details
000 -LEADER
fixed length control field 00766nam a22002177a 4500
005 - DATE AND TIME OF LATEST TRANSACTION
control field 20150518164656.0
008 - FIXED-LENGTH DATA ELEMENTS--GENERAL INFORMATION
fixed length control field 140714b xxu||||| |||| 00| 0 Urdu d
010 ## - LCCN (DPL NO)
LC control number UR-8928
020 ## - INTERNATIONAL STANDARD BOOK NUMBER
Terms of availability 200.00
035 ## - SYSTEM CONTROL NUMBER
System control number U-7483
037 ## - SOURCE OF ACQUISITION
Source of stock number/acquisition BPPD/Pub/Ven
040 ## - CATALOGING SOURCE
Original cataloging agency DPL
Language of cataloging Urdu
082 ## - DEWEY DECIMAL CLASSIFICATION NUMBER
Classification number 910.41
100 ## - MAIN ENTRY--PERSONAL NAME
Personal name ا حمد سجا د
245 ## - TITLE STATEMENT
Title جنو بی ہند کا ا يک علمی و ا د بی سفر
Statement of responsibility, etc ا حمد سجا د
246 ## - VARYING FORM OF TITLE
Title proper/short title Juubi Hind ka ek Ilmi -o-Adabi Safar
Remainder of title By Ahmad Sajjad
260 ## - PUBLICATION, DISTRIBUTION, ETC. (IMPRINT)
Name of publisher, distributor, etc Reaserch and Publications Division
Date of publication, distribution, etc 2015
Place of publication, distribution, etc Ranchi
270 ## - ADDRESS
Address Reaserch and Publications Division Markaz-e-Adab-o-Science,
City Ranchi Jharkhand
Telephone number 09431359971
Postal code --
300 ## - PHYSICAL DESCRIPTION
Extent 120ص
Dimensions 22Cm (Hb)
942 ## - ADDED ENTRY ELEMENTS (KOHA)
Source of classification or shelving scheme Dewey Decimal Classification
Item type Urdu Bks
Edition
Classification part 910.41
Call number suffix ا ح م
Holdings
Withdrawn status Lost status Source of classification or shelving scheme Damaged status Not for loan Collection code Home library Current library Date acquired Source of acquisition Cost, normal purchase price Total Checkouts Full call number Barcode Date last seen Copy number Cost, replacement price Koha item type
    Dewey Decimal Classification   Not For Loan Non-fiction D.B.Act.Division D.B.Act.Division 18/05/2015 DBAD/Pub. 200.00   910.41 ا ح م U-7483 18/05/2015 1 200.00 Urdu Bks

© Delhi Public Library
Hit Counter
free hit counter